Statistics for Asian Countries Without Letter A

Click here to take the quiz!

General Stats

  • This quiz has been taken 49 times
  • The average score is 4 of 6

Answer Stats

Answer% Correct
Yemen
84%
Brunei
80%
Cyprus
73%
Turkey
71%
Philippines
56%
Timor-Leste
22%

Score Distribution

Percentile by Number Answered

Percent of People with Each Score

Your Score History

You have not taken this quiz